[Event "Bay Area Open 2019"]
[Site "Burlingame"]
[Date "2019.01.05"]
[Round "7"]
[White "Santarius, Erik"]
[Black "Quesada Perez, Yuniesky"]
[Result "0-1"]
[WhiteElo "2393"]
[BlackElo "2642"]
[Annotator "TA"]
[PlyCount "94"]
[EventDate "2019.01.01"]
[EventType "swiss"]
[EventCountry "USA"]
[SourceTitle "playchess.com"]
[Source "ChessBase"]
[SourceQuality "1"]

{[%evp 21,94,0,0,-14,-19,-46,-52,-58,-41,-64,-40,-42,-50,-52,-29,-64,-27,-104,-50,-117,-106,-162,-121,-145,0,0,0,-46,-67,-116,-155,-143,-124,-116,-129,-191,-166,-180,-210,-189,-166,-360,-91,-101,-108,-93,-113,-111,-147,-132,0,-59,-41,-327,-152,-327,-327,-306,-302,-265,-298,-307,-305,-550,-508,-506,-536,-675,-670,-668,-633,-1038,-995,-928,-928]} 1. d4 Nf6 2. c4 e6 3. g3 d5 4. Bg2 Be7 5. Nf3 O-O 6. O-O c6 7. Nc3 Nbd7 8. Qd3 b6 9. cxd5 cxd5 10. Bf4 a6 11. a4 Bb7 12. Nd2 $146 {E07: Closed Catalan: Main Line (5 Nf3 0-0 6 0-0 Nbd7)} ({Predecessor:} 12. Rfc1 Rc8 13. Rc2 Bb4 14. Rac1 Qe7 15. Na2 Bd6 16. Ne5 Rxc2 17. Rxc2 Nh5 18. e3 Nxf4 19. gxf4 Rc8 20. Rxc8+ Bxc8 {1-0 (36) Hernandez Carmenates,H (2582)-Al Sayed,M (2470) Barcelona 2008}) 12... Nh5 13. Qf3 Nxf4 14. gxf4 {Black is slightly better.} g6 15. Nc4 Rc8 {[%cal Ba8c8,Bc8c4,Bc4b4][%mdl 32]} 16. Ne5 Nxe5 17. fxe5 Rc4 18. Qd3 Qc7 19. Nd1 (19. e3 $11) 19... Rc8 (19... Rc2 $17 20. Rb1 Qc4) 20. Ne3 (20. Nc3 $1 $15) 20... Rb4 $17 21. Qd2 (21. Rfb1 $17) 21... Qd7 22. Ng4 Qd8 (22... Rxa4 23. Nf6+ Bxf6 24. exf6 $14) ({Black should try} 22... Rcc4 $17 23. e3 a5) 23. Nf6+ $1 $11 (23. Nh6+ Kg7 $17) 23... Kh8 {White must now prevent ...a5.} 24. Ra3 a5 25. Nxh7 Kxh7 26. Rh3+ Kg8 27. Qh6 {[%csl Gh3][%cal Rh6h8] [#]} Bf6 $1 {[%cal Rf6g7][%mdl 512]} 28. Qh7+ (28. exf6 Qxf6) 28... Kf8 {And now ...Bg7 would win.} 29. Rf3 Bg7 30. Qxg6 {[%csl Gf3][%cal Rg6f7]} Rc7 $1 31. Bh3 $2 (31. Rd1) 31... Bc8 $2 (31... Rxb2 $2 32. Bxe6 Qe8 33. Kh1 $18) (31... Rxd4 $19 {is more deadly.} 32. Bxe6 Qe8 {[%mdl 64] Double Attack}) 32. Kh1 $17 {Strongly threatening Rg1.} Qh4 $1 (32... Rxb2 $2 33. Rg1 $18) 33. Rg1 Qh6 34. Qd3 Rc1 35. Bf1 Ke7 (35... Rxa4 $17 {...Raa1 is the strong threat.} 36. e3 Raa1) 36. e3 (36. Rh3 $1 $11 Qf4 {[%mdl 64] Double Attack} 37. Rf3) 36... Qh5 $15 37. Be2 $2 {[%mdl 8192]} (37. Rfg3 $1 $15 Bxe5 38. Be2 Rxg1+ 39. Kxg1) 37... Rxg1+ $19 38. Kxg1 {[#]} Qg6+ $1 ({Resist} 38... Rxb2 39. Qa3+ Rb4 40. Qd3 $19) ({Not} 38... Rxa4 39. Rg3 $11) 39. Qxg6 fxg6 40. Bd3 {[#]} Bd7 $1 {[%cal Rd7a4]} ({Inferior is} 40... Rxb2 41. Bxg6 Kd8 42. Rf7 $11) 41. Bxg6 Be8 42. Bh7 $2 (42. Bxe8 Kxe8 43. h4) 42... Rxb2 {Black is clearly winning.} 43. Rg3 Bf8 44. h4 Bxa4 45. h5 Be8 46. Bg6 a4 47. e4 Rb3 {Accuracy: White = 37%, Black = 54%.} 0-1

[Event "Bay Area Open 2019"]
[Site "Burlingame"]
[Date "2019.01.05"]
[Round "7"]
[White "Taghizadeh, Rayan"]
[Black "Prohaszka, Peter"]
[Result "0-1"]
[WhiteElo "2298"]
[BlackElo "2613"]
[Annotator "TA"]
[PlyCount "248"]
[EventDate "2019.01.01"]
[EventType "swiss"]
[EventCountry "USA"]
[SourceTitle "playchess.com"]
[Source "ChessBase"]
[SourceQuality "1"]

{[%evp 19,248,13,13,8,31,32,37,21,22,10,27,0,0,-9,-11,-10,-8,-17,0,0,0,-11,0,0,22,-31,-29,-75,-75,-77,-73,-78,-71,-75,-65,-75,-62,-62,-62,-69,-62,-72,-66,-98,-105,-159,-102,-256,-235,-255,-206,-225,-202,-227,-229,-212,-227,-213,-108,-172,-149,-197,-148,-206,-164,-324,-233,-259,-255,-309,-175,-304,-194,-351,-154,-164,-164,-317,-306,-262,-199,-199,-176,-247,-203,-231,-233,-223,-165,-160,-102,-212,-52,-204,-214,-202,-165,-202,-97,-83,-40,-46,-42,-52,-42,-42,-42,-42,-29,-42,-28,-28,-28,-28,-28,-47,-28,-28,-28,-45,-28,-28,-28,-28,-28,-28,-28,-28,-28,-45,-28,-28,-28,-28,-22,-15,0,-27,-27,-35,-8,-15,-8,-4,0,0,0,0,0,0,0,0,0,0,0,0,0,0,0,-40,-47,-40,-33,-40,-54,-304,-283,-311,-54,-298,-135,-135,-135,-135,-135,-135,-135,-216,-135,-135,-135,-135,-135,-116,-135,-197,-135,-256,-135,-224,-135,-135,-135,-135,0,-135,-135,-244,-135,-135,-135,-239,-233,-367,-230,-211,-157,-268,-264,-274,-273,-298,-283,-556,-564,-527,-520,-856,-801,-1391,-1343,-1742,-1701,-29969,-29967,-12799,-1562,-29980,-29978,-6187,-6007]} 1. d4 d5 2. Bf4 c5 3. e3 cxd4 4. exd4 Nc6 5. c3 Bf5 (5... Nf6 6. Bd3 Bg4 7. Qb3 Qc8 8. Nd2 e6 9. Ngf3 Bh5 10. O-O Be7 11. Rae1 a6 12. Qc2 Bg6 13. Ne5 Nxd4 14. Qa4+ Nc6 15. Nxg6 hxg6 16. Nf3 b5 17. Qd1 Qd7 18. a4 bxa4 19. Qxa4 {1-0 (84) Nakamura,H (2780)-Topalov,V (2749) Saint Louis 2017}) 6. Nd2 {B13: Caro-Kann: Exchange Variation and Panov-Botvinnik Attack} e6 7. Ngf3 Bd6 8. Bxd6 Qxd6 9. Nh4 Bg6 10. Nxg6 hxg6 {LiveBook: 4 Games} 11. Nf3 Nge7 12. g3 Nf5 $146 ({Predecessor:} 12... f6 13. Bg2 {1-0 (61) Lilov,V (2323)-Bets,A (2348) Peterhof 2007}) 13. Bg2 b5 14. a3 a5 15. O-O O-O 16. Ne1 {[%cal Bf3e1,Be1d3,Bd3c5][%mdl 32]} b4 17. axb4 axb4 18. Nd3 bxc3 19. bxc3 Qc7 20. Nc5 Nd6 21. Qe2 Rae8 22. f4 (22. Ra4 $11) 22... Nb8 $15 23. h4 Nd7 24. Nxd7 Qxd7 25. h5 gxh5 26. Qxh5 g6 27. Qh6 Nf5 28. Qh3 Kg7 29. g4 Rh8 30. Qd3 Nd6 $36 {[%mdl 2048] Black is pushing.} 31. Rae1 Qd8 {Strongly threatening ...Qh4.} 32. Qe2 (32. Qg3 $142) 32... Nc4 (32... Rh4 $142 $1 33. Qe5+ Kg8) 33. g5 $2 (33. Qf2 $17) 33... Qc7 34. Rb1 Ra8 35. Qf2 Ra3 36. Rbc1 Nd6 37. Qe1 Nf5 $1 38. Rf3 Rc8 (38... Rh4 $1 $19 39. Qe5+ Qxe5 40. fxe5 Rg4) 39. Qd2 (39. Bf1 $17) 39... Rb3 $19 40. Rh3 Qb8 {Hoping for ...Rb2.} 41. Rc2 (41. Rf1 $17) 41... Rb1+ 42. Kh2 $2 (42. Bf1) 42... Rc4 43. Ra2 Rc6 44. Rf3 Rcb6 (44... Rc8 $142 45. Qf2 Rh8+ 46. Rh3 Rxh3+ 47. Bxh3 Qh8) 45. Rc2 (45. Qe2 {keeps fighting.}) 45... Nd6 46. Rh3 $2 (46. Qf2) 46... Rc6 (46... Ne4 $1 $19 {[%cal Re4d2]} 47. Bxe4 dxe4) 47. Qf2 {White wants to play Qh4.} Nf5 48. Rf3 $2 (48. Bf1) 48... Rc8 49. Rh3 Ra1 50. Rb2 Qc7 51. Qd2 (51. Bf1 $142) 51... Ra3 52. Rc2 Ra4 53. Rb2 Rc4 {[%cal Rc4c3]} 54. Rb3 Rc6 (54... Ra8 $142 55. Bf1 Rca4) 55. Ra3 (55. Bf1 $17) 55... Rb8 $2 (55... Rb6 $19 56. Bf1 Rbb8) 56. Ra1 $2 (56. Bf1 $1 $15) 56... Rcb6 57. Ra2 Rc8 58. Rc2 Rc6 (58... Rb1 $19 {is more deadly. Threatens to win with ...f6.} 59. Qf2 Qb8) 59. Bf1 $17 Qb8 60. Rb2 Qd6 61. Rc2 Qc7 62. Bb5 Rb6 {[%cal Bc6b6,Bb6b8,Bb8h8][%mdl 32]} 63. Bd3 Ne7 64. Qf2 {Black must now prevent Qh4.} Rbb8 65. Kg2 Rh8 66. Rxh8 Rxh8 67. Rc1 Qa5 68. Qd2 Nc6 {...Nxd4! is the strong threat.} 69. Be2 Qa3 (69... Rb8 {is interesting.} 70. Kg3 Rb3 71. Kg2 Qa3 72. Bf1 Ne7) 70. Rh1 Rxh1 71. Kxh1 Ne7 72. Bd3 Nc8 73. Kg2 Nd6 74. Qe1 Kf8 75. Qd2 Ke7 76. Qc2 Kd7 77. Kf2 Qa1 78. Kg2 Ke7 79. Qd2 Qa4 80. Kf2 Qb3 81. Ke2 Qb8 82. Qa2 Qc7 83. Qa3 Kf8 84. Ke3 Kg7 85. Qc5 Qb8 86. Qb4 Qd8 87. Qc5 Nf5+ 88. Bxf5 gxf5 $11 {[%mdl 4096] Endgame KQ-KQ} 89. c4 dxc4 90. Qxc4 Qa5 91. Qc1 Qd5 92. Qb1 $2 ({Only move:} 92. Qd2 $1 $15) 92... Kg6 $1 $19 93. Qc2 Qb7 $2 ({Black should play} 93... Kh5 $1 $19 {[%cal Rh5g4]} 94. Qe2+ Kh4 95. Qh2+ Kg4 96. Qe2+ Kg3 97. Qf2+ Kh3) 94. Qd2 $2 (94. Kf2 $1 $15) 94... Qh1 (94... Qb3+ $19 {and Black stays clearly on top.} 95. Kf2 Kh5 96. Qe2+ Kh4) 95. Qf2 $17 Kh5 96. Qg3 Qe4+ 97. Kd2 {Qh3+ would kill now.} Qxd4+ 98. Kc2 (98. Ke2 $17 Kg6 99. Qh4 Qc4+ 100. Kd2) 98... Qe4+ 99. Kc3 {White wants to mate with Qh3+.} Qc6+ 100. Kb4 {Intending Qh3+ and mate.} Qd6+ 101. Kc4 {Threatening mate with Qh3+.} Kg6 102. Qh4 {[#]} (102. Qh2 $17 {was called for.} Kg7 103. Qh6+ Kg8 104. g6 Qd5+ 105. Kb4 fxg6 {[%mdl 64] Overworked Piece} 106. Qxg6+ Kf8 107. Qg3) 102... Qf8 ({Better is} 102... Qd5+ $1 $19 103. Kc3 Qc5+ 104. Kd3 Kg7 105. Qh6+ Kg8) 103. Kd4 {[#]} (103. Qh1 $17) 103... Qb4+ (103... e5+ $1 $19 {[%mdl 512]} 104. Kc4 (104. Kxe5 Qc5#) 104... exf4 105. Qxf4 Qd8) 104. Kd3 (104. Ke3 $17 Kg7 105. Kf2) 104... Qb3+ 105. Kd2 {[%csl Gg5][%cal Rh4h6]} Qb2+ 106. Kd3 {[%csl Gg5][%cal Rh4h6]} Qb3+ 107. Kd2 $1 {[%csl Gg5][%cal Rh4h6]} Qd5+ 108. Kc1 (108. Ke1 $17 Kg7 109. Qh6+ Kg8 110. g6 Qe4+ 111. Kf2 Qd4+ 112. Kf3) 108... Qc4+ (108... Kg7 $19 109. Qh2 Qb3) 109. Kd2 {[%csl Gg5][%cal Rh4h6]} Qd4+ 110. Kc2 (110. Ke2 $17 Kg7 111. Qh6+ Kg8 112. g6) 110... Kg7 $19 111. Kb3 (111. Qh6+ {was necessary.} Kg8 112. Qh2) 111... Kg8 112. Qh2 Kf8 113. Ka3 (113. Kc2 $17 {might work better.}) 113... Ke7 114. Kb3 Kd6 115. Ka2 Kc5 116. Qg3 $2 (116. Qh5 Qxf4 117. Qxf7) 116... Qd2+ 117. Kb3 Kd4 118. g6 (118. Qh4 $142 Ke4 119. Qh7 Kxf4 120. Qxf7 Qd5+ 121. Kc3 Kxg5 122. Qg8+ Kh4 123. Qh7+ Kg3 124. Qg7+ Kf3 125. Qh7) 118... fxg6 {[%mdl 64] Overworked Piece} 119. Qxg6 Qxf4 120. Qg7+ e5 {[%cal Be6e5,Be5e4][%mdl 32]} 121. Qd7+ Ke3 122. Qd1 Qf3 (122... Kf2 $142 123. Qc2+ Kg3) 123. Qg1+ Ke2+ 124. Kb2 e4 {Accuracy: White = 37%, Black = 55%.} 0-1